Name a Country Where These Reptiles Are Found #4 - Statistics

General Stats
  • This quiz has been taken 21 times
  • The average score is 41 of 156
Answer Stats
Picture Hint Answer % Correct
Mexican Alligator Lizard Mexico
93%
Western Hognose Snake United States of America | Canada | Mexico
87%
Komodo Dragon Indonesia
80%
Arabian Sand Boa Saudi Arabia | Oman | Yemen | Kuwait | Iran
73%
Amazon Basin Emerald Tree Boa Suriname | Venezuela | Colombia | Ecuador | Peru | Brazil
73%
Mexican Mole Lizard Mexico
67%
Green Anaconda Brazil | Colombia | Ecuador | Guyana | Suriname | Venezuela | Bolivia | Paraguay | Peru | Trinidad & Tobago | France (French Guiana)
60%
Mexican Beaded Lizard Mexico | Guatemala
60%
Rainbow Boa Suriname | Guyana | Colombia | Venezuela | Peru | Brazil | Bolivia | Argentina | Ecuador | Costa Rica | Panama | France (French Guiana)
60%
Yellow Anaconda Bolivia | Paraguay | Uruguay | Brazil | Argentina
53%
Boa Constrictor Brazil | Argentina | Paraguay | Uruguay | Bolivia | Colombia | Suriname | Venezuela | Guyana | Peru | Ecuador | Mexico | United States of America | France (French Guiana)
53%
Emerald Tree Boa Colombia | Brazil | Venezuela | Suriname | Guyana | France (French Guiana)
53%
Amazon Tree Boa Colombia | Venezuela | Guyana | Suriname | Brazil | Ecuador | Peru | Bolivia | France (French Guiana)
53%
Asian Water Monitor India | Bangladesh | Sri Lanka | Myanmar | Thailand | Cambodia | Laos | Vietnam | China | Malaysia | Singapore | Indonesia
53%
Kenyan Sand Boa Kenya | Egypt | Sudan | South Sudan | Ethiopia | Eritrea | Chad | Niger | Tanzania | Somalia | Yemen
53%
Common Garter Snake United States of America | Canada | Mexico
53%
Perentie Australia
47%
Guatemala Neckband Snake Guatemala | Mexico | Belize | Colombia | El Salvador | Honduras | Nicaragua
47%
Bengal Monitor Iran | Afghanistan | India | Nepal | Sri Lanka | Pakistan | Bangladesh | Myanmar
47%
Nile Monitor South Africa | Angola | Namibia | Lesotho | Eswatini | Botswana | Zimbabwe | Zambia | Mozambique | Malawi | Burundi | Rwanda | Tanzania | Uganda | Kenya | Somalia | Democratic Republic of the Congo | Republic of the Congo | Gabon | Equatorial Guinea | Cameroon | Nigeria | Ethiopia | Chad | Niger | Mali | Mauritania | Gambia | Senegal | Guinea-Bissau | Guinea | Ivory Coast | Sierra Leone | Liberia | Ghana | Benin | Togo | Central African Republic | South Sudan | Sudan | Egypt
47%
Green Water Snake United States of America
47%
Black-Palmed Rock Monitor Australia
40%
Southern Pilbara Rock Goanna Australia
40%
Western Terrestrial Garter Snake Canada | United States of America | Mexico
40%
Rock Monitor Democratic Republic of the Congo | Namibia | Botswana | South Africa | Eswatini | Zimbabwe | Mozambique | Zambia | Angola | Burundi | Kenya | Uganda | Tanzania | Ethiopia | Somalia
40%
Peloponnese Slowworm Greece
40%
Javanese Keelback Indonesia
40%
Crocodile Monitor Indonesia | Papua New Guinea
40%
Desert Monitor Jordan | Turkey | Morocco | Algeria | Tunisia | Libya | Egypt | Israel | Syria | Lebanon | Iraq | Oman | Turkmenistan | Kazakhstan | Uzbekistan | Tajikistan | Kyrgyzstan | Mauritania | Mali | Niger | Chad | Sudan | Afghanistan | Iran | Pakistan | India
40%
Chihuahuan Alligator Lizard Mexico
40%
Emerald Tree Monitor Papua New Guinea | Indonesia
40%
KwaZulu-Natal Black Snake South Africa
40%
Ring-Necked Snake United States of America | Canada | Mexico
40%
California Legless Lizard United States of America | Mexico
40%
Gila Monster United States of America | Mexico
40%
Puerto Rican Boa United States of America (Puerto Rico)
40%
Sand Goanna Australia
33%
Lace Monitor Australia
33%
Common Green Racer Brazil | Venezuela | Guyana | Suriname | Argentina | Bolivia | Peru | Colombia | Ecuador | France (French Guiana)
33%
Sheltopusik Greece | Croatia | Bosnia & Herzegovina | Montenegro | North Macedonia | Albania | Bulgaria | Turkey | Lebanon | Russia | Ukraine | Georgia | Armenia | Azerbaijan | Turkmenistan | Uzbekistan | Kyrgyzstan | Tajikistan | Kazakhstan | Afghanistan | Syria | Iran | Iraq | Jordan | Israel
33%
Quince Monitor Indonesia
33%
Black Tree Monitor Indonesia
33%
Blue Tree Monitor Indonesia
33%
Mariana Monitor Marshall Islands | United States of America (Northern Mariana Islands & Guam)
33%
Panay Monitor Philippines
33%
Palawan Water Monitor Philippines
33%
Rosy Boa United States of America
33%
Mud Snake United States of America
33%
Two-Striped Garter Snake United States of America | Mexico
33%
Blind Worm Lizard United States of America (Puerto Rico)
33%
Schneider's Skink Algeria | Tunisia | Libya | Egypt | Israel | Cyprus | Turkey | Syria | Lebanon | Jordan | Iran | Iraq | Saudi Arabia | Russia | Turkmenistan | Uzbekistan | Tajikistan | Georgia | Armenia | Azerbaijan | Afghanistan | Pakistan | India
27%
Prickly Forest Skink Australia
27%
Yellow-Spotted Monitor Australia | Indonesia | Papua New Guinea
27%
Red Worm Lizard Brazil | Argentina | Bolivia | Paraguay | Uruguay | Peru | Ecuador | Colombia | Venezuela | Guyana | Suriname | Trinidad & Tobago | France (French Guiana)
27%
Tai-Yong Keelback Cambodia | China | Vietnam
27%
Asian Glass Lizard China | India | Myanmar | Nepal | Thailand | Vietnam
27%
Black-and-White Worm Lizard Colombia | Venezuela | Guyana | Suriname | Trinidad & Tobago | Peru | Brazil | France (French Guiana)
27%
Motagua Valley Beaded Lizard Guatemala
27%
Yellow Monitor India | Pakistan | Nepal | Bangladesh
27%
Green Keelback India | Sri Lanka | Bangladesh | Myanmar
27%
Golden-Spotted Tree Monitor Indonesia
27%
Dull Bamboo Snake Indonesia
27%
Turquoise Monitor Indonesia
27%
Javelin Sand Boa Morocco | Algeria | Tunisia | Libya | Egypt | Israel | Syria | Romania | Italy | North Macedonia | Cyprus | Iran | Iraq | Jordan | Saudi Arabia | Turkey | Bulgaria | Bosnia & Herzegovina | Croatia | Montenegro | Serbia | Slovenia | Albania | Greece | Russia | Armenia | Georgia | Azerbaijan
27%
San Lucia Boa Saint Lucia
27%
Natal Purple-Glossed Snake South Africa | Eswatini | Mozambique
27%
Coal Skink United States of America
27%
Mole Skink United States of America
27%
Island Night Lizard United States of America
27%
Aquatic Garter Snake United States of America
27%
Rainbow Snake United States of America
27%
Worm Snake United States of America
27%
Rubber Boa United States of America | Canada
27%
Queen Snake United States of America | Canada
27%
False Coral Snake Venezuela | Guyana | Suriname | Colombia | Ecuador | Peru | Brazil | France (French Guiana)
27%
Plum-Colored Worm Lizard Argentina | Brazil | Paraguay
20%
Southern Slider Australia
20%
Spotted Forest Skink Bangladesh | Bhutan | Cambodia | China | India | Malaysia | Myanmar | Nepal | Singapore | Brunei | Indonesia | Papua New Guinea | East Timor | Thailand | Vietnam
20%
Heller's Red-Necked Keelback Bangladesh | Bhutan | China | India | Myanmar | Nepal | Vietnam
20%
Red-Necked Keelback Bangladesh | Indonesia | Thailand | Vietnam | Cambodia | Laos | Myanmar | Malaysia | Bhutan | Nepal | India | China
20%
Catesby's Snail-Eater Bolivia | Brazil | Guyana | Colombia | Ecuador | Peru | Suriname | Venezuela | France (French Guiana)
20%
Cape Spade-Snouted Worm Lizard Botswana | South Africa | Zimbabwe
20%
Sauvage's Snail-Eater Brazil
20%
Duméril's Worm Lizard Brazil
20%
DeKay's Brown Snake Canada | United States of America | Mexico | Guatemala | Honduras | Belize
20%
Boie's Ground Snake Colombia | Suriname | Peru | Brazil | France (French Guiana)
20%
Velvet Ground Snake Colombia | Venezuela | Guyana | Suriname | Brazil | Peru | Ecuador | Paraguay | Bolivia | France (French Guiana)
20%
Antilles Racer France (Guadeloupe)
20%
Barred Grass Snake France | United Kingdom | Belgium | Luxembourg | Switzerland | Italy | Austria | Germany | Slovenia | Netherlands | Croatia | Liechtenstein
20%
Water Rhabdops India
20%
Wynad Keelback India
20%
Rurk's Ristella India
20%
Yellow-Spotted Keelback India | Myanmar | Thailand | China | Malaysia | Laos | Cambodia | Vietnam | Indonesia
20%
Earless Monitor Lizard Indonesia | Malaysia | Brunei
20%
Rough-Necked Alligator Lizard Mexico
20%
Red-Lipped Arboreal Alligator Lizard Mexico
20%
Boa Sigma Mexico
20%
Northern Boa Mexico | Belize | Guatemala | El Salvador | Nicaragua | Panama | Honduras | Costa Rica | Colombia
20%
Granite Night Lizard Mexico | United States of America
20%
Triangle Keelback Myanmar | Cambodia | India | Indonesia | Laos | Malaysia | Singapore | Thailand | Vietnam
20%
Clouded Monitor Myanmar | Thailand | Malaysia | Singapore | Indonesia | Vietnam
20%
Buff Striped Keelback Pakistan | Sri Lanka | India | Bangladesh | Nepal | Myanmar | Thailand | Laos | Cambodia | Vietnam | Indonesia | Taiwan | China | Bhutan
20%
Northern Sierra Madre Forest Monitor Philippines
20%
Grass Snake Russia | Kazakhstan | Ukraine | Belarus | Finland | Sweden | Norway | Romania | Bulgaria | Turkey | Greece | Croatia | Bosnia & Herzegovina | Serbia | Kosovo | Montenegro | Hungary | Albania | North Macedonia | Germany | Poland | Czech Republic | Slovakia | Austria | Switzerland | Slovenia | Syria | Georgia | Armenia | Azerbaijan | Iran | Estonia | Latvia | Lithuania | Moldova | Denmark | Netherlands | Liechtenstein | Mongolia | China | Kyrgyzstan | Turkmenistan
20%
Split Keelback Sri Lanka | India | Bangladesh | Nepal
20%
Flaming Ground Snake Suriname | Brazil | France (French Guiana)
20%
Black Swamp Snake United States of America
20%
Sandstone Night Lizard United States of America
20%
Island Glass Lizard United States of America
20%
Mona Island Boa United States of America (Puerto Rico & U.S. Virgin Islands) | United Kingdom (British Virgin Islands)
20%
Bicoloured Quill-Snouted Snake Angola | Botswana | Democratic Republic of the Congo | Mozambique | Namibia | Republic of the Congo | South Africa | Zimbabwe
13%
Four-Toed Earless Skink Australia
13%
Blue-Speckled Forest-Skink Australia
13%
Western Forest Centipede-Eater Central African Republic | Uganda | Democratic Republic of the Congo | Cameroon | Nigeria | Togo | Benin | Ghana | Ivory Coast | Liberia | Sierra Leone | Gabon
13%
Blomberg's Tree Boa Ecuador
13%
Graceful Snail-Eater Ecuador | Peru | Colombia
13%
Beddome's Ground Skink India
13%
Spotted Keelback Indonesia | Malaysia | Brunei | Singapore
13%
Sandfish Skink Iran | Oman | Saudi Arabia | United Arab Emirates
13%
Dwarf Sand Boa Iran | Pakistan | Afghanistan | Turkmenistan | Mongolia | Uzbekistan | Russia | China
13%
Voeltzkowia Yamagishii Madagascar
13%
Diving Skink Madagascar
13%
Smith's Arboreal Alligator Lizard Mexico
13%
Pygmy Alligator Lizard Mexico
13%
Yellow-Spotted Tropical Night Lizard Mexico | Belize | Guatemala | Honduras | El Salvador | Nicaragua | Costa Rica | Panama
13%
American Snail-Eater Nicaragua | Costa Rica | Panama
13%
Blue-Tailed Monitor Papua New Guinea | Australia
13%
Mole Viper Senegal | Gambia | Guinea-Bissau | Guinea | Mali | Sierra Leone | Liberia | Ivory Coast | Burkina Faso | Ghana | Togo | Benin | Nigeria | Cameroon | Central African Republic | Democratic Republic of the Congo | Uganda | Tanzania
13%
Dice Snake Turkey | Ukraine | Iran | Russia | Moldova | Romania | North Macedonia | Greece | Albania | Serbia | Kosovo | Montenegro | Bulgaria | Belarus | Cyprus | Italy | Bosnia & Herzegovina | Croatia | Slovenia | Vatican City | San Marino | Hungary | Slovakia | Czech Republic | Germany | Poland | Austria | Switzerland | Egypt | Israel | Lebanon | Syria | Jordan | Iraq | Iran | Turkmenistan | Uzbekistan | Tajikistan | Kyrgyzstan | China | Afghanistan | Pakistan | Saudi Arabia
13%
Collared Snake-Eater Angola | Burundi | Cameroon | Central African Republic | Democratic Republic of the Congo | Equatorial Guinea | Gabon | Nigeria | Rwanda | Uganda
7%
Müller's Sand Boa Benin | Burkina Faso | Cameroon | Central African Republic | Chad | Gambia | Ghana | Guinea | Ivory Coast | Mali | Mauritania | Niger | Nigeria | Senegal | Sudan | Togo | South Sudan
7%
Beaked Burrowing Asp Botswana | Namibia | South Africa
7%
Rustyhead Snake Colombia | Costa Rica | Guatemala | Nicaragua | Panama
7%
Northern Eyelash Boa Colombia | Ecuador | Panama
7%
Dunn's Road Guarder Costa Rica | El Salvador | Guatemala | Honduras | Nicaragua
7%
Julia's Ground Snake Dominica | France (Guadeloupe)
7%
Alsophis Danforthi France (Guadeloupe)
7%
Campbell's Alligator Lizard Guatemala
7%
Zarudny's Worm Lizard Iran | Iraq | Kuwait | Oman | Qatar | Saudi Arabia | United Arab Emirates
7%
Peters's Banded Skink Morocco | Algeria | Tunisia | Libya | Egypt
7%
White-Lipped Snake Mozambique | South Africa
7%
Lang's Worm Lizard Mozambique | South Africa | Zimbabwe
7%
Black-Striped Keelback Myanmar | Thailand | Laos | Cambodia | Vietnam | China
7%
Tiger Keelback Russia | North Korea | South Korea | China | Taiwan | Vietnam | Japan
7%
Isabel Monitor Solomon Islands | Papua New Guinea
7%
Gronovi's Dwarf Burrowing Skink South Africa
7%
Spotted Harlequin Snake South Africa | Eswatini
7%
Longnose Skink United Kingdom (Bermuda)
7%
Black Centipede-Eater Angola | Kenya | Malawi | Mozambique | Tanzania | Zambia | Zimbabwe
0%
Bocourt's Snake-Eater Cameroon | Equatorial Guinea | Gabon | Republic of the Congo | Democratic Republic of the Congo
0%
Common Tree Boa Costa Rica | Panama | Colombia | Venezuela | Trinidad & Tobago
0%
Black and White Racer Cuba
0%
Eastern Skink Kuwait | Oman | Qatar | Saudi Arabia | Bahrain | United Arab Emirates | Iran
0%
Boulenger's Limbless Skink Mozambique
0%
Heyer's Isopachys Thailand | Myanmar
0%
Conception Bank Silver Boa The Bahamas
0%
No matching quizzes found
Score Distribution
Percent of People with Each Score
Percentile by Number Answered
Your Score History
You have not taken this quiz